Metodologické a systémové východiská ekonomizácie územnej samosprávy
Metodologické a systémové otázky, východiská a súvislosti vybraných nástrojov ekonomizácie územnej samosprávy v intenciách modernizácie jej ekonomického riadenia. Rozpočtovanie v územnej samospráve a možnost aplikácie kontrolingu vrátane sledovania nákladovosti.
Saved in:
| Main Author: | |
|---|---|
| Format: | Book Chapter |
| Language: | Slovak |
| Subjects: | |
| Tags: |
No Tags, Be the first to tag this record!
|
MARC
| LEADER | 00000nla$a2200000$$$4500 | ||
|---|---|---|---|
| 001 | 0145397 | ||
| 005 | 20240502072621.1 | ||
| 041 | 0 | |a slo | |
| 044 | |a SK | ||
| 245 | 1 | 0 | |a Metodologické a systémové východiská ekonomizácie územnej samosprávy |c Dušan Kozovský |
| 520 | |a Metodologické a systémové otázky, východiská a súvislosti vybraných nástrojov ekonomizácie územnej samosprávy v intenciách modernizácie jej ekonomického riadenia. Rozpočtovanie v územnej samospráve a možnost aplikácie kontrolingu vrátane sledovania nákladovosti. | ||
| 610 | 2 | 0 | |a samospráva |
| 610 | 2 | 0 | |a samospráva regionálna |
| 610 | 2 | 0 | |a decentralizácia fiškálna |
| 610 | 2 | 0 | |a rozpočtovanie |
| 610 | 2 | 0 | |a rozpočet miestny |
| 610 | 2 | 0 | |a plánovanie finančné |
| 610 | 2 | 0 | |a kontroling |
| 610 | 2 | 0 | |a manažment verejnej správy |
| 100 | 1 | |a Kozovský, Dušan | |